00799cam a22002171 4500001001300000003000400013005001700017008004100034010001700075035002000092040004900112042001200161050001900173100003400192240002300226245005600249260004000305300001700345505020400362999001500566af 48002345 DLC20260227110854.0841207s1944 gw 000 1 ger c aaf 48002345  a(OCoLC)11463355 aCalifornia. Univ. Libr.cICarbSdICarbSdDLC apremarc00aPT6434.L6bA441 aStreuvels, Stijn,d1871-1969.10aWorks.kSelections10aAusgewählte Werkec[von] Stijn Streuvels [pseud.] aStuttgart,bEngelhornverlagc[1944] a2 v.c21 cm.0 a1. Bd. Das heisse Leben. Knecht Jan. Liebesspiel in Flandern. Prütske.--2. Bd. Der Flachsacker. Kinderseelchen. Die Männer am feurigen Ofen. Die grosse Brücke. Das herrliche Sonnenlicht. c4984d4984